Dhaka yellow pages - 2008/09 : worldwide circulation.
| Format: | Book |
|---|---|
| Published: |
Dhaka:
Business Data Information,
2008.
|
| Subjects: |
| LEADER | 00516cam a2200145 7i4500 | ||
|---|---|---|---|
| 001 | 0000023592 | ||
| 005 | 20090930090000.0 | ||
| 090 | 0 | 0 | |a BANG 910.2554 |b DHA |
| 245 | 0 | 0 | |a Dhaka yellow pages - 2008/09 : |b worldwide circulation. |
| 260 | 0 | 0 | |a Dhaka: |b Business Data Information, |c 2008. |
| 300 | # | # | |a 1166 p. |
| 650 | 0 | 0 | |a Business -- |x Directories -- |z Dhaka, Bangladesh |
| 650 | 0 | 0 | |a Bangladesh -- |x Telephone directoris -- |x Yellow pages |
| 651 | 0 | 0 | |a Bangladesh |
| 999 | |a 0000025318 |b Directories |c Countries |e Business Information Centre | ||